000
00324nam a2200133Ia 4500
005
20260328101512.0
008
260328s9999||||xx |||||||||||||| ||und||
100
_a
Ragon, Michel
245
0
_a
OU' Vivrons - Nous demain? /
_c
Michel Ragon
260
_b
Robert Laffont
300
_a
208 p.
650
_a
URBANISMO
942
_c
BK
999
_c
9229
_d
9229